000 00468nam a2200145Ia 4500
003 OSt
005 20260128111920.0
008 211028s2017 xx 000 0 und d
040 _cAIMIT LIBRARY
041 _aeng
100 _aBandekar, Vivechana V; Godwin j, Benny.
_g1516180
_97751
245 _aProcess of recruitment selection and its perception at Aditya Birla chemicals ( India) limited Karwar /
260 _aMangalore
_bBenny Godwin.
_c2017
942 _2ddc
_cPRO
999 _c219319
_d219319